|
|
|
|
| LEADER |
00000nam a2200000Ii 4500 |
| 001 |
DIGHERDER0703 |
| 003 |
NyNyDIG |
| 006 |
m o d |
| 007 |
cr ||||||||||| |
| 008 |
241002s2024 sp a ob 000 0 spa d |
| 035 |
|
|
|a (OCoLC)1432604352
|
| 040 |
|
|
|a DGITA
|b eng
|e rda
|e pn
|c DGITA
|
| 020 |
|
|
|a 9788425450945
|q ePub
|
| 020 |
|
|
|z 9788425450938
|
| 041 |
1 |
|
|a spa
|h ita
|
| 050 |
1 |
4 |
|a HM1091 ebook
|
| 100 |
1 |
|
|a Bartoli, Stefano,
|d 1984-
|e author.
|
| 240 |
1 |
0 |
|a Peso delle apparenze
|l Spanish
|s (Pons Irazazábal)
|
| 245 |
1 |
3 |
|a El peso de las apariencias :
|b por qué la primera impresión es la que cuenta /
|c Stefano Bartoli, Lara Ventisette ; traducción, Maria Pons Irazazábal.
|
| 250 |
|
|
|a 1a. edición digital.
|
| 264 |
|
1 |
|a Barcelona :
|b Herder Editorial,
|c 2024.
|
| 300 |
|
|
|a 1 online resource :
|b illustrations.
|
| 336 |
|
|
|a text
|b txt
|2 rdacontent
|
| 337 |
|
|
|a computer
|b c
|2 rdamedia
|
| 338 |
|
|
|a online resource
|b cr
|2 rdacarrier
|
| 347 |
|
|
|a text file
|2 rdaft
|
| 347 |
|
|
|b EPUB
|
| 504 |
|
|
|a Includes bibliographical references.
|
| 588 |
0 |
|
|a Online resource; title from ePub title page (Digitalia, viewed October 2, 2024)
|
| 650 |
|
0 |
|a Prejudices.
|
| 650 |
|
0 |
|a Interpersonal relations.
|
| 650 |
|
0 |
|a Anthropology.
|
| 700 |
1 |
|
|a Ventisette, Lara,
|e author.
|
| 700 |
1 |
|
|a Pons Irazazábal, María,
|e translator.
|
| 700 |
1 |
|
|i Translation of:
|a Bartoli, Stefano,
|d 1984-
|t Peso delle apparenze.
|
| 776 |
0 |
8 |
|i Print version:
|a Bartoli, Stefano.
|s Peso delle apparenze Spanish (Pons Irazazábal).
|t Peso de las apariencias.
|d Barcelona : Herder Editorial, 2024
|z 9788425450938
|
| 791 |
2 |
|
|a Digitalia (Firm),
|e distributor.
|
| 793 |
0 |
|
|g Digitalia eBook Collection:
|a Herder Editorial
|
| 856 |
4 |
0 |
|3 Digitalia Hispánica
|u https://www.digitaliapublishing.com/a/159035/
|
| 910 |
|
|
|a Premium collection: 2024
|